000 03417nam0a2200517 4500
001 RU\NLR\bibl\1015585
005 20260409072313.0
010 _a5-89815-762-X
_930000
021 _aRU
_b2006-63718
_93181
035 _a(nilc)RSL-KNO-002957244
035 _a(NLR Aleph) 001003162
090 _a591484
_c591484
100 _a20061010d2006 |||y0rusy50 ca
101 0 _arus
102 _aRU
105 _aa |||||||||
200 1 _aЭнциклопедия развития ребенка
_eдля логопедов, воспитателей, учителей начальных классов и родителей
_fЕ.А. Пожиленко
210 _aСанкт-Петербург
_cКАРО
_d2006
215 _a627, [1] с.
_dил.
_d22
225 1 _aПопулярная логопедия
320 _aБиблиогр.: с. 626-628
606 _aДошкольники
_xРазвитие речи
_jЭнциклопедии
_3RU\NLR\auth\66356888
_9957151
606 1 _aШкольники
_jЭнциклопедии
_xРазвитие речи
_9957153
_3RU\NLR\auth\66356889
606 _aДошкольники
_xОзнакомление с окружающей жизнью
_jЭнциклопедии
_3RU\NLR\auth\66999152
_91593269
606 1 _aШкольники
_jЭнциклопедии
_xОзнакомление с окружающей жизнью
_91987832
_3RU\NLR\auth\661198110
610 0 _aКультура. Наука. Просвещение -- Народное образование. Педагогические науки -- Дошкольное воспитание. Дошкольная педагогика -- Дошкольная педагогика -- Российская Федерация -- Теория обучения в дошкольном возрасте -- Энциклопедия
610 0 _aКультура. Наука. Просвещение -- Народное образование. Педагогические науки -- Общеобразовательная школа. Школьная педагогика -- Школьная педагогика -- Российская Федерация -- Дидактика -- Энциклопедия
610 0 _aКультура. Наука. Просвещение -- Народное образование. Педагогические науки -- Семейное воспитание -- Теория и практика семейного воспитания -- Российская Федерация -- Помощь семьи в обучении детей -- Энциклопедия
610 0 _aКультура. Наука. Просвещение -- Народное образование. Педагогические науки -- Дефектология -- Логопедия -- Энциклопедия
686 _aЧ411,6(2)38я20
_2rubbk
686 _aЧ421,6(2)2я20
_2rubbk
686 _aЧ491,6(2)7я20
_2rubbk
686 _aЧ437я20
_2rubbk
686 _aЧ411.382.11я20
686 _aЧ411.387я20
686 _aЧ491.71я20
686 _aЧ426.131(2)52я20
686 _aЧ421.2я20
700 1 _aПожиленко
_bЕ. А.
_gЕлена Антоновна
_4070
801 0 _aRU
_bРКП
_c20061010
_grcr
801 1 _aRU
_bРГБ
_c20061010
801 2 _aRU
_bNLR
_c20061201
_grcr
942 _cBOOK
980 _aNB